000 00331nam a22001337a 4500
008 170418b xxu||||| |||| 00| 0 eng d
020 _a9780697250025
041 _aeng
080 _22ND
_a573
100 _a10
101 _aSHM
245 _aPRINCIPLES AND APPLICATIONS OF ORGANIC & BIOLOGICAL CHEMISTRY
_cCARET
942 _2udc
_cBK
999 _c10936
_d10936